000 00812cam a2200229 a 4500
001 710054
005 20180308032039.0
008 970922s1998 ctua be 001 0 eng
010 _a 97035098
020 _a0313299773 (alk. paper)
040 _aDLC
_cDLC
_dDLC
041 _aeng
080 _a179.3 mar
082 0 0 _a179.3 mar
_221
100 _a8
101 _azoo
245 0 0 _aEncyclopedia of animal rights and animal welfare /
_cedited by Marc Bekoff with Carron A. Meaney ; foreword by Jane Goodall.
504 _aIncludes bibliographical references and index.
906 _a7
_bcbc
_corignew
_d1
_eocip
_f19
_gy-gencatlg
942 _2ddc
_cBK
999 _c44355
_d44355